Určování úvěrových limitů jako součást credit managementu podniku
Dve základné oblasti credit managementu: úverová politika a systém sledovania pohľadávok. Úverová politika a riadenie obchodných úverov podniku. Určovanie úverových limitov pre konkrétnu firmu. Predaj na úver sa realizuje u väčšiny podnikov bez bližšej analýzy úveruschopnosti odberateľa. Dôsledok -...
Salvato in:
| Autore principale: | |
|---|---|
| Natura: | Capitolo di libro |
| Lingua: | ceco |
| Soggetti: | |
| Tags: |
Nessun Tag, puoi essere il primo ad aggiungerne!!
|
MARC
| LEADER | 00000naa$a2200000$$$4500 | ||
|---|---|---|---|
| 001 | 0019128 | ||
| 005 | 20221128124337.3 | ||
| 041 | 0 | |a cze | |
| 044 | |a SK | ||
| 245 | 1 | 0 | |a Určování úvěrových limitů jako součást credit managementu podniku |c Mária Režňáková |
| 520 | |a Dve základné oblasti credit managementu: úverová politika a systém sledovania pohľadávok. Úverová politika a riadenie obchodných úverov podniku. Určovanie úverových limitov pre konkrétnu firmu. Predaj na úver sa realizuje u väčšiny podnikov bez bližšej analýzy úveruschopnosti odberateľa. Dôsledok - vysoký podiel pohľadávok v bilanciách podnikov. Príspevok poukazuje na dôležitosť tejto problematiky v riadení podnikov a prezentuje jeden z možných prístupov k určovaniu úverových limitov pre odberateľov s využitím štatistického spracovania dát. | ||
| 610 | 2 | 0 | |a riadenie podnikové |
| 610 | 2 | 0 | |a manažment úverový |
| 610 | 2 | 0 | |a politika úverová |
| 610 | 2 | 0 | |a úver obchodný |
| 610 | 2 | 0 | |a limity úverové |
| 100 | 1 | |a Režňáková, Mária | |